Normal view
MARC view
Entry Geographic Name
001 - CONTROL NUMBER
- control field: 3069
003 - CONTROL NUMBER IDENTIFIER
- control field: BD-RjUL
005 - DATE AND TIME OF LATEST TRANSACTION
- control field: 20220518160826.0
008 - FIXED-LENGTH DATA ELEMENTS
- fixed length control field: 220518|| aca||aabn | a|a d
040 ## - CATALOGING SOURCE
- Original cataloging agency: BD-RjUL
- Transcribing agency: BD-RjUL
151 ## - HEADING--GEOGRAPHIC NAME
- Geographic name: Arabian Peninsula
- General subdivision: Social life and customs
670 ## - SOURCE DATA FOUND
- Source citation: Work cat.: (BD-RjUL)79819: [Al Hashemi, Ali] الهاشمي، علي 3065, المرأة في الشعر الجاهلي /[almar'at fi alshier aljahilii ] /, 1960.